Tìm về cội nguồn kinh dịch /

Spremljeno u:
Bibliografski detalji
Glavni autor: Nguyễn Vũ Tuấn Anh
Format: Knjiga
Jezik:Vietnamese
Izdano: Đại học quốc gia TP HCM 2001
Oznake: Dodaj oznaku
Bez oznaka, Budi prvi tko označuje ovaj zapis!
Thư viện lưu trữ: Mạng thư viện Đại học Đà Nẵng
LEADER 00649nam a2200265 4500
001 000028247
003 Td
005 20150324120000.0
008 150324s vm 000 vie
020 |c 0,0000 
040 |a notts 
100 |a Nguyễn Vũ Tuấn Anh 
245 |a Tìm về cội nguồn kinh dịch /  |c Nguyễn Vũ Tuấn Anh. 
260 |b Đại học quốc gia TP HCM  |c 2001 
OWN |a LTT 
999 |a From the UDN01 
TYP |a Monograph 
TYP |a Printed language 
980 |a Mạng thư viện Đại học Đà Nẵng